000
00195nam a2200073Ia 4500
008
170524s9999 xx 000 0 und d
100
_a
CHAKARVARTHY- SUBASH
245
0
_a
NEWS REPORTING AND EDITING
260
_b
NEW DELHI: KANISHKA
999
_c
9352
_d
9352